Anne Hathaway Filmography - Statistics

General Stats
  • This quiz has been taken 499 times
    94 since last reset
  • The average score is 21 of 97
Answer Stats
Type Year Name % Correct
Film 2006 The Devil Wears Prada
96%
Film 2012 Les Misérables
87%
Film 2001 The Princess Diaries
76%
Film 2012 The Dark Knight Rises
67%
Film 2010 Love & Other Drugs
64%
Film 2004 The Princess Diaries 2: Royal Engagement
62%
Film 2014 Interstellar
60%
Film 2015 The Intern
58%
Film 2026 The Devil Wears Prada 2
56%
Film 2005 Brokeback Mountain
51%
Film 2009 Bride Wars
49%
Film 2004 Ella Enchanted
49%
Film 2008 Rachel Getting Married
47%
TV Show 2008, 2009, 2010, 2012, 2018 Saturday Night Live
44%
Award Show 2011 83rd Academy Awards
42%
Film 2018 Ocean's 8
42%
Film 2008 Get Smart
38%
Film 2011 Rio
38%
Film 2014 Rio 2
38%
Film 2020 The Witches
38%
Film 2010 Alice in Wonderland
36%
Film 2011 One Day
36%
Film 2024 The Idea of You
36%
Film 2007 Becoming Jane
33%
Film 2019 The Hustle
33%
Film 2026 Odyssey
31%
Film TBA The Princess Diaries 3
29%
Film 2016 Alice Through the Looking Glass
27%
Film 2021 Locked Down
27%
Film 2024 Mothers' Instinct
27%
Film 2008 Passengers
27%
TV Show 2009, 2010, 2012 The Simpsons
27%
Web Series 2019 Modern Love
24%
Film 2010 Valentine's Day
24%
TV Show 2015 Lip Sync Battle
20%
Film 2016 Colossal
18%
TV Show 2010, 2011 Family Guy
18%
Film 2005 Havoc
18%
Film 2025 Mother Mary
16%
Film 2002 Nicholas Nickleby
16%
Film 2019 Serenity
16%
Theater 2009 Twelfth Night
16%
Film 2019 Dark Waters
13%
Film 2005 Hoodwinked!
13%
TV Show 2021 RuPaul's Drag Race
13%
Film 2023 She Came to Me
13%
Theater 2003 The Woman in White
13%
Film 2022 Armageddon Time
11%
Short Documentary 2021 DC Villains - Catwoman: The Feline Femme Fatale
11%
Film 2013 Don Jon
11%
Film 2023 Eileen
11%
Web Series 2021 Solos
11%
Theater 2017 The Children's Monologues
11%
Film 2001 The Other Side of Heaven
11%
Documentary 2008 Valentino: The Last Emperor
11%
Film 2026 Verity
11%
Theater 2002 Carnival!
9%
TV Show 2016 Documentary Now!
9%
TV Show 1999-2000 Get Real
9%
Film 2008 Get Smart's Bruce and Lloyd: Out of Control
9%
Documentary 2013 Girl Rising
9%
TV Show 2015 HitRecord on TV
9%
Film 2014 Song One
9%
Film 2003 The Cat Returns
9%
Web Mini-Series 2022 WeCrashed
9%
Documentary 2010 10 Mountains 10 Years
7%
Commercial 2022, 2024 Bulgari
7%
Theater 2005 Children and Art
7%
Film 2014 Don Peyote
7%
TV Special 2007 Elmo's Christmas Countdown
7%
Film 2026 Flowervale Street
7%
Theater 2015 Grounded
7%
TV Special 2020 Sesame Street: Elmo's Playdate
7%
Web Series 2022 StoryBots: Answer Time
7%
Film 2020 The Last Thing He Wanted
7%
Documentary 2007 A Place in Time
4%
Commercial 1997 Better Homes and Gardens
4%
Commercial 1997 Cincinnati Bell Telephone Company
4%
TV Special 2013 From Broadway with Love: A Benefit Concert for Sandy Hook
4%
TV Special 2007 Happy Birthday Elton! From Madison Square Garden, New York
4%
Web Series 2004 Jessica's Crush
4%
Music Video 2014 Just One of the Guys
4%
Documentary 2013 Letters to Jackie: Remembering President Kennedy
4%
Commercial 2002-2003 Lux by Unilever
4%
Theater 1997 New Voices Concert
4%
TV Special 2010 Nobel Peace Prize Concert
4%
Documentary 2009 PoliWood
4%
Music Video 2001 Supergirl
4%
Documentary 2016 The First Monday in May
4%
TV Documentary 2020 The Happy Days of Garry Marshall
4%
TV Special 2011 The Kennedy Center Honors: A Celebration of the Performing Arts
4%
Short TV Documentary 2004 The Magical World of 'Ella Enchanted'
4%
Film TBA Yesteryear
4%
Documentary 2013 Les Misérables: The History of the World's Greatest Story
2%
Documentary 2011 Making the Boys
2%
TV Show 2001 Movie Surfers
2%
Commercial 2010 St. Jude's Children's Hospital
2%
No matching quizzes found
Score Distribution
Percent of People with Each Score
Percentile by Number Answered
Your Score History
You have not taken this quiz since the last reset